00322nam a2200133Ia 4500008004100000020001500041041001200056082001600068100001400084245004500098260002500143300000800168650001200176221030s9999 xx 000 0 und d a0074630393 aEnglish a105.23bBei aA. Beiser 0aConcepts Of Modern Physicscby A. Beiser bTMHaNew Delhic2002 a534 aPhysics